| 000 | 01155nam a22003497a 4500 | ||
|---|---|---|---|
| 003 | CHAP | ||
| 005 | 20220329135039.0 | ||
| 008 | 971013s1979 r 00010 d | ||
| 010 | _a30096 | ||
| 011 | _a31068 | ||
| 035 | _a35180 | ||
| 040 | _cCHAP | ||
| 082 |
_a628.1 _bL5 1979 |
||
| 100 | 0 | 0 |
_aLinsley, Ray K. _967005 |
| 245 | _aWater-resources engineering | ||
| 250 | _a3 ed. | ||
| 260 |
_aNew York : _bMcGraw-Hill, _c1979 |
||
| 300 |
_a716 p. _b: ilus. |
||
| 490 | _aMcGraw-Hill series in water resources and environmental engineering | ||
| 590 |
_aBATCH-UPD _b10 _c20130110 _lUCH01 _h0214 |
||
| 590 |
_aBATCH-UPD _b10 _c20130110 _lUCH01 _h1548 |
||
| 590 |
_aBATCH-UPD _b10 _c20130410 _lUCH01 _h0947 |
||
| 590 |
_aBATCH-UPD _b10 _c20130914 _lUCH01 _h1435 |
||
| 590 |
_aCONVERSION _b10 _c20130109 _lUCH01 _h1317 |
||
| 650 | 1 | 4 |
_aAgua _xAprovechamiento. _92282 |
| 650 | 1 | 4 |
_aIngenierĂa hidrĂ¡ulica. _958235 |
| 700 | 0 |
_aFranzini, Joseph B. _943053 |
|
| 830 | 0 |
_aMcGraw-Hill series in water resources and environmental engineering _973569 |
|
| 901 | _aBK | ||
| 942 | _cLIBRO | ||
| 949 |
_a628.1 L5 1979 _bBC _cLIBRO _d33724000023784 _eLIBRO _h55688 _i35180 _si |
||
| 999 |
_c30096 _d30096 |
||